Quantum mechanics / (Record no. 134929)

MARC details
000 -LEADER
fixed length control field 00898nam a22002777a 4500
003 - CONTROL NUMBER IDENTIFIER
control field dpl
005 - DATE AND TIME OF LATEST TRANSACTION
control field 20180605140018.0
008 - FIXED-LENGTH DATA ELEMENTS--GENERAL INFORMATION
fixed length control field 180605b xxu||||| |||| 00| 0 eng d
010 ## - LIBRARY OF CONGRESS CONTROL NUMBER
LC control number B-147244, B-147263
020 ## - INTERNATIONAL STANDARD BOOK NUMBER
Terms of availability 00.00
International Standard Book Number 0070587248
035 ## - SYSTEM CONTROL NUMBER
System control number B-147263
037 ## - SOURCE OF ACQUISITION
Source of stock number/acquisition Cen Lib/Ret
040 ## - CATALOGING SOURCE
Original cataloging agency DPL
Language of cataloging EN
Transcribing agency 0
082 ## - DEWEY DECIMAL CLASSIFICATION NUMBER
Classification number 530.12
Item number PEL
100 ## - MAIN ENTRY--PERSONAL NAME
Personal name Peleg, Yoav
9 (RLIN) 42188
245 ## - TITLE STATEMENT
Title Quantum mechanics /
Statement of responsibility, etc by Yoav Peleg, Reuven Pnini [and] Elyahu Zaarur
260 ## - PUBLICATION, DISTRIBUTION, ETC. (IMPRINT)
Place of publication, distribution, etc New Delhi
Name of publisher, distributor, etc Tata McGraw-Hill
Date of publication, distribution, etc 2004
270 ## - ADDRESS
City New Delhi
Address 7 West Patel Nagar
Postal code 110008
300 ## - PHYSICAL DESCRIPTION
Extent vii,312p. :
Dimensions 30cm(pbk)
Other physical details ill.
500 ## - GENERAL NOTE
General note Includes index
650 ## - SUBJECT ADDED ENTRY--TOPICAL TERM
Topical term or geographic name as entry element Quantum theory -- Problems, exercises, etc
9 (RLIN) 42189
650 ## - SUBJECT ADDED ENTRY--TOPICAL TERM
Topical term or geographic name as entry element Quantum theory -- Outlines, syllabi, etc
9 (RLIN) 42190
700 ## - ADDED ENTRY--PERSONAL NAME
Personal name Pnini, Reuven
9 (RLIN) 42191
700 ## - ADDED ENTRY--PERSONAL NAME
Personal name Zaarur, Elyahu
9 (RLIN) 42192
942 ## - ADDED ENTRY ELEMENTS (KOHA)
Source of classification or shelving scheme Dewey Decimal Classification
Koha item type English Books
Classification part 530.12
Call number suffix PEL
Holdings
Withdrawn status Lost status Damaged status Not for loan Home library Current library Date acquired Source of acquisition Cost, normal purchase price Total Checkouts Full call number Barcode Date last seen Copy number Cost, replacement price Price effective from Koha item type Public note Source of classification or shelving scheme Collection code
Written off       Central Library Central Library 31/07/2015 Cen Lib/Ret 0.00   530.12 PEL B-147244 31/07/2015 1 0.00 31/07/2015 English Books W/d list no. 6808/22    
        Shahdara Branch Shahdara Branch 05/06/2018 BPPD/PUB 0.00   530.12 PEL B-147263 05/06/2018   0.00 05/06/2018 English Books   Dewey Decimal Classification Non-fiction

© Delhi Public Library
Hit Counter
free hit counter